| 000 | 00477nam a2200169Ia 4500 | ||
|---|---|---|---|
| 003 | GCL | ||
| 008 | 140319s9999 xx 000 0 ara d | ||
| 040 |
_aGCL / _cGCL |
||
| 082 | 0 | 4 |
_aط _b813.087 _bش ك |
| 100 | 1 | _aشركة رشاد برس | |
| 245 | 1 | 0 |
_aكتابى الاول / _cشركة رشاد برس |
| 490 |
_aسلسلة التلوين للصغار _v0 |
||
| 650 | 0 | 4 | _aالاطفال |
| 650 | 0 | 4 | _aقصص الاطفال |
| 650 | 0 | 4 | _aالتلوين |
| 942 |
_2ddc _cBK |
||
| 999 |
_c51383 _d51383 |
||